| 000 -LEADER |
| fixed length control field |
00487cam a22001217a 4500 |
| 008 - FIXED-LENGTH DATA ELEMENTS--GENERAL INFORMATION |
| fixed length control field |
180718b-- xxu||||| |||| 00| 0 eng d |
| 082 ## - DEWEY DECIMAL CLASSIFICATION NUMBER |
| Classification number |
L906x5414 E |
| 245 ## - TITLE STATEMENT |
| Title |
Epitome of CAG's reports, Orissa |
| Statement of responsibility, etc. |
by Office of the Comptroller and Auditor General of India, Orissa |
| 260 ## - PUBLICATION, DISTRIBUTION, ETC. |
| Place of publication, distribution, etc. |
Bhubaneswar |
| Name of publisher, distributor, etc. |
Office of the Comptroller and Auditor General |
| Date of publication, distribution, etc. |
-- |
| 500 ## - GENERAL NOTE |
| General note |
Library has 2002/03 |
| 650 ## - SUBJECT ADDED ENTRY--TOPICAL TERM |
| Topical term or geographic name entry element |
Auditing - India - Orissa |
| 700 ## - ADDED ENTRY--PERSONAL NAME |
| Personal name |
Orissa. Office of the Comptroller and Auditor General of India |